000 01350nas a2200241 454500
001 22278
005 20260407193506.0
008 260407s2012####ag###########|||spa#d
003 AR-UNSa-BCEJYS
040 _aAR-UNSa-BCEJYS
_bspa
_cAR-UNSa-BCEJYS
080 _a342.7
_xDerechos fundamentales. Derechos humanos. Derechos y deberes de los ciudadanos (Derecho a la Salud, vivienda)
245 1 0 _aDerechos humanos
022 _a2346-870X
264 1 _aBuenos Aires :
_bMinisterio de Justicia y Derechos Humanos de la Nación
_c2012
310 _aFrecuencia: Trimestral
505 _aEn cada número se desarrollan distintos temas de actualidad, reflejando los nuevos criterios jurisprudenciales de los tribunales nacionales e internacionales encargados de aplicar los tratados de derechos humanos. Ofreciendo, además, una excelente integración de trabajos de doctrina, entrevistas a personas que aporten una visión innovadora a las discusiones sobre derechos humanos, reseñas bibliográficas de libros de reciente divulgación y diferentes novedades sobre la materia.
942 _cSER
590 _aniveau_biblio:s niveau_hierar:1
100 1 _aRey, Sebastián Alejandro
650 _aDerechos humanos
650 _aJURISPRUDENCIA
856 4 1 _uhttps://biblioeco.unsa.edu.ar/pmb/images/revistas/Derechos Humanos.jpg
_yImagen de portada
_qimage/jpeg
999 _c8554
_d8554